000 00408nam a22001697a 4500
003 SGT
020 _a9780683077341
082 _a616.1280
_bI97S
100 _aSINGER, IGOR
245 _aINTERVENTIONAL ELECTOPHYSIOLOGY
250 _a1ST
260 _aPHILADELPHIA
_bWILLIAMS & WILKINS PUB
_c1997
300 _a1133
650 _aCARDIOLOGY
653 _aINTERVENTIONAL ELECTOPHYSIOLOGY
942 _2ddc
_cBK
999 _c34321
_d34321